Suomen joukkue yleisurheilun EM-kisoihin 2024 - Statistics

Yleistilastot
  • Tätä visaa on pelattu 62 kertaa
    48 viimeisimmän päivityksen jälkeen
  • Keskiarvotulos 45 / 67
Vastaustilastot
Laji Nimi % Oikein
Seiväs Wilma Murto
97%
Keihäs Oliver Helander
92%
100 m aj Reetta Hurske
89%
100 m Samuli Samuelsson
89%
Seiväs Elina Lampela
86%
Korkeus Ella Junnila
86%
110 m aj Elmo Lakka
86%
100 m aj Lotta Harala
86%
7-ottelu Saga Vanninen
86%
Kolmiloikka Senni Salminen
86%
Moukari Silja Kosonen
86%
3000 m ej Topi Raitanen
86%
Kolmiloikka Kristiina Mäkelä
83%
Keihäs Lassi Etelätalo
83%
Seiväs Saga Andersson
83%
Seiväs Silja Andersson
83%
20 km kävely Aku Partanen
81%
200 m Samuel Purola
81%
Seiväs Urho Kujanpää
78%
400 m aj Viivi Lehikoinen
78%
Moukari Aaron Kangas
75%
Kuula Emilia Kangas
75%
Korkeus Heta Tuuri
75%
Pituus, kolmiloikka Jessica Kähärä
75%
Moukari Krista Tervo
75%
Pituus Kristian Pulli
75%
Kolmiloikka Simo Lipsanen
75%
Keihäs Toni Keränen
75%
800 m Eveliina Määttänen
72%
Moukari Suvi Koskinen
72%
Keihäs Anni-Linnea Alanen
69%
3000 m ej Ilona Mononen
69%
Puolimaraton Alisa Vainio
67%
Puolimaraton Camilla Richardsson
67%
Seiväs Juho Alasaari
67%
100 m, 4x100 m Lotta Kemppinen
64%
400 m aj Tuomas Lehtonen
64%
200 m, 4x400 m Aino Pulkkinen
61%
200 m, 4x100 m Anniina Kortetmaa
61%
Korkeus Arttu Mattila
61%
5000 m Nathalie Blomqvist
61%
110 m aj Santeri Kuusiniemi
61%
1500 m Sara Lappalainen
61%
Kuula Senja Mäkitörmä
61%
Seiväs Tommi Holttinen
61%
Moukari Tuomas Seppänen
61%
Kolmiloikka Aaro Davidila
58%
20 km kävely Aleksi Ojala
58%
20 km kävely Jerry Jokinen
58%
10000 m Nina Chydenius
58%
Kuula Eveliina Rouvali
56%
400 m aj Hilla Uusimäki
56%
400 m aj Kristiina Halonen
56%
400 m, 4x400 m Mette Baas
56%
Kiekko Helena Leveelahti
53%
4x400 m Milja Thureson
53%
Kiekko Salla Sipponen
53%
Pituus Kasperi Vehmaa
50%
Keihäs Jatta-Mari Jääskeläinen
47%
400 m aj Jere Haapalainen
47%
Keihäs Sanne Erkkola
47%
Kolmiloikka Tuomas Kaukolahti
44%
4x100 m Anna Pursiainen
39%
4x400 m Katriina Wright
39%
10000 m Mika Kotiranta
31%
200 m Viljami Kaasalainen
28%
4x100 m Petra Häggqvist
14%
Ehtoja vastaavia visoja ei löytynyt
Tulosjakauma
Jokaisen tuloksen saaneiden osuus
Persentiili vastausten määrän mukaan
Tuloshistoriasi
Et ole pelannut tätä visaa sen viimeisimmän päivityksen jälkeen